00450nam a2200133 4500008004100000082001600041110001200057245006900069260003900138300002600177650003800203650003900241650003600280231203b |||||||| |||| 00| 0 eng d a305.48bMUS aMusawah aHome truths : ba global report on equality in the Muslim family aSelangor:bSisters in Islam,c2009 a 62 p. : maps ; 25 cm aDomestic relations- (Islamic law) aEquality- Religious aspects- Islam aMuslim women- Social conditions